Innovation and the evolution of market structure

Wedi'i Gadw mewn:
Manylion Llyfryddiaeth
Fformat: Llyfr
Iaith:Undetermined
Cyhoeddwyd: London London Business Scholl 1987
Pynciau:
Tagiau: Ychwanegu Tag
Dim Tagiau, Byddwch y cyntaf i dagio'r cofnod hwn!
Thư viện lưu trữ: Trung tâm Học liệu Trường Đại học Cần Thơ
LEADER 00463nam a2200169Ia 4500
001 CTU_87138
008 210402s9999 xx 000 0 und d
082 |a 658.8 
082 |b I.58 
245 0 |a Innovation and the evolution of market structure 
260 |a London 
260 |b London Business Scholl 
260 |c 1987 
650 |a marketing 
650 |x statistical methods 
904 |i Tuyến 
980 |a Trung tâm Học liệu Trường Đại học Cần Thơ